La dinámica administrativa: conceptos, funciones y aplicaciones prácticas
محفوظ في:
| المؤلف الرئيسي: | |
|---|---|
| مؤلفون آخرون: | , |
| التنسيق: | كتاب |
| اللغة: | Spanish |
| منشور في: |
México : Diana,
1973
|
| الوسوم: |
إضافة وسم
لا توجد وسوم, كن أول من يضع وسما على هذه التسجيلة!
|
MARC
| LEADER | 00000nam a2200000Ia 4500 | ||
|---|---|---|---|
| 003 | 003326 | ||
| 005 | 20221231143956.0 | ||
| 008 | 140114s1973 mx a 000 ||spa d | ||
| 040 | |c cru CEDI | ||
| 050 | |a 658 N 556d | ||
| 100 | |a Newman, William Herman, 1909- |9 21701 | ||
| 245 | |a La dinámica administrativa: conceptos, funciones y aplicaciones prácticas | ||
| 260 | |a México : Diana, |c 1973 | ||
| 300 | |a 962 páginas : ilustraciones (algunas a color.) | ||
| 700 | |9 21702 |a Summer, Charles Edgar | ||
| 700 | |9 21703 |a Warren, Kirby K. | ||
| 942 | |2 ddc |c BK | ||
| 999 | |c 15042 |d 15042 | ||
